书目信息 |
| 题名: |
居家节约金点子
|
|
| 作者: | 卓远 主编 ;丁立 编著 | |
| 分册: | ||
| 出版信息: | 北京 中国环境科学出版社 2006.09 |
|
| 页数: | 22, 225页 | |
| 开本: | 23cm | |
| 丛书名: | 健康家庭生活百科丛书 | |
| 单 册: | ||
| 中图分类: | TS976.3 | |
| 科图分类: | ||
| 主题词: | 家庭生活--jia ting sheng huo--基本知识 | |
| 电子资源: | ||
| ISBN: | 7-80135-743-4 | |
| 000 | 01021nam 2200265 450 | |
| 001 | 012007971921 | |
| 005 | 20071010162111.96 | |
| 010 | @a7-80135-743-4@dCNY25.00 | |
| 100 | @a20070815d2006 km y0chiy0120 ea | |
| 101 | 0 | @achi |
| 102 | @aCN@b110000 | |
| 105 | @ay z 000yy | |
| 200 | 1 | @a居家节约金点子@Aju jia jie yue jin dian zi@e生活智慧1001招@f卓远主编@Fzhuo yuan zhu bian@g丁立编著@Gding li bian zhu |
| 210 | @a北京@c中国环境科学出版社@c学苑音像出版社@d2006.09 | |
| 215 | @a22, 225页@d23cm | |
| 225 | 2 | @a健康家庭生活百科丛书@Ajian kang jia ting sheng huo bai ke cong shu |
| 330 | @a本书条目清晰,涵盖了现代家庭生活的方方面面,从人们日常生活中的衣、食、住、行、医保等方面入手,让读者朋友查起来简捷方便。 | |
| 410 | 0 | @12001 @a健康家庭生活百科丛书 |
| 517 | 1 | @a生活智慧1001招@Asheng huo zhi hui 1001 zhao |
| 606 | 0 | @a家庭生活@Ajia ting sheng huo@x基本知识 |
| 690 | @aTS976.3@v4 | |
| 701 | 0 | @a卓远@Azhuo yuan@4主编 |
| 702 | 0 | @a丁立@Ading li@4编著 |
| 801 | 0 | @aCN@c20071010 |
| 905 | @dTS976.3@eZ938 | |
| 居家节约金点子:生活智慧1001招/卓远主编/丁立编著.-北京:中国环境科学出版社:学苑音像出版社,2006.09 |
| 22, 225页;23cm.-(健康家庭生活百科丛书) |
| ISBN 7-80135-743-4:CNY25.00 |
| 本书条目清晰,涵盖了现代家庭生活的方方面面,从人们日常生活中的衣、食、住、行、医保等方面入手,让读者朋友查起来简捷方便。 |
| ● |
| 相关链接 |
|
|
|
正题名:居家节约金点子
索取号:TS976.3/Z938
 
预约/预借
| 序号 | 登录号 | 条形码 | 馆藏地/架位号 | 状态 | 备注 |
| 1 | 254519 | 202545193 | 自科库501/501自科库 46排6列5层/ [索取号:TS976.3/Z938] | 在馆 | |
| 2 | 254520 | 202545200 | 自科库501/501自科库 46排6列5层/ [索取号:TS976.3/Z938] | 在馆 | |
| 3 | 254521 | 202545219 | 自科库501/501自科库 46排6列5层/ [索取号:TS976.3/Z938] | 在馆 |